| 000 | 01112nam a22002777a 4500 | ||
|---|---|---|---|
| 005 | 2010101908158.0 | ||
| 008 | 101019t xxu||||| |||| 00| 0 hin d | ||
| 010 | _aHIN-93915 | ||
| 020 |
_c395.00 _a9789350007631 |
||
| 035 | _aHN-66261 | ||
| 037 | _bDBAD / PUB | ||
| 040 |
_aDPL _bHN |
||
| 082 | _a956.1 | ||
| 100 |
_923632 _aउसमान,एम. |
||
| 245 |
_aतुर्क एशिया-यूरोप-अफ्रीक़ा / _cएम.उसमान |
||
| 246 | _aTurk Asia-Europe-africa | ||
| 260 |
_aनई दिल्ली _bवाणी प्रकाशन _c2011 |
||
| 270 |
_a4695, 21-ए, दरियागंज, _bनई दिल्ली _e110002 _k0091#11#23273167 _l23275710 _mvaniprakashan@gmail.com |
||
| 300 |
_a127पृ. _c22सेमी (सजिल्द) |
||
| 650 | _9657 | ||
| 650 | _934273 | ||
| 700 | _934278 | ||
| 700 | _934291 | ||
| 942 |
_2ddc _cHN _h956.1 _mउसमा |
||
| 999 |
_c56435 _d56435 |
||